5HLuxD.jpg

KING HENRY VIII SENIOR AND PRIMARY SCHOOL LIBRARY OPAC

THE QUEST FOR THE DIAMOND SWORD (Record no. 4521)

000 -LEADER
fixed length control field 00371nam a22001217a 4500
008 - FIXED-LENGTH DATA ELEMENTS--GENERAL INFORMATION
fixed length control field 250227b ||||| |||| 00| 0 eng d
020 ## - INTERNATIONAL STANDARD BOOK NUMBER
International Standard Book Number 9781632204424
082 ## - DEWEY DECIMAL CLASSIFICATION NUMBER
Classification number 813.6 MOR
100 ## - MAIN ENTRY--PERSONAL NAME
Personal name MORGAN,WINTER
Relator term AUTHOR
245 ## - TITLE STATEMENT
Title THE QUEST FOR THE DIAMOND SWORD
260 ## - PUBLICATION, DISTRIBUTION, ETC.
Place of publication, distribution, etc. SKY PONY PRESS,307 WEST 36TH,11TH FLOOR,NEW YORK,NY 10018
Name of publisher, distributor, etc. HOLLAN PUBLISHING INC
Date of publication, distribution, etc. 2014
942 ## - ADDED ENTRY ELEMENTS (KOHA)
Source of classification or shelving scheme
Holdings
Withdrawn status Lost status Source of classification or shelving scheme Damaged status Not for loan Collection code Permanent Location Current Location Shelving location Date acquired Total Checkouts Full call number Barcode Date last seen Date last checked out Price effective from Koha item type Public note
          Fiction KH8 Primary School Library KH8 Primary School Library Fiction 2025-02-27 3 813.6 MOR KHPL000006303 2025-12-10 2025-11-26 2025-02-27 Books - Fiction KH8 PRIMARY LIBRARY

Powered By KH8 IT Dept